| 000 | 00517nam a2200217Ia 4500 | ||
|---|---|---|---|
| 003 | OSt | ||
| 005 | 20221005121928.0 | ||
| 006 | a|||||r|||| 00| 0 | ||
| 007 | ta | ||
| 008 | 221004b |||||||| |||| 00| 0 eng d | ||
| 024 | _a65158 | ||
| 037 | _cTextual | ||
| 040 |
_aCRL _cCRL _beng |
||
| 041 |
_2eng _aeng |
||
| 082 | _aX:275.2.N5, K0.4 | ||
| 245 | 0 | _aIndia in tomorrow's world | |
| 260 | _c1960 | ||
| 650 | _aECONOMICS | ||
| 942 |
_hX:275.2.N5, K0.4 _cTEXL _2cc |
||
| 999 |
_c1042730 _d1042730 |
||